[Event "Titled Tue 24th Jun Late"]
[Site "chess.com INT"]
[Date "2025.06.24"]
[Round "5"]
[White "Bold, Andre"]
[Black "Dehtiarov, Roman"]
[Result "0-1"]
[WhiteTitle "CM"]
[BlackTitle "FM"]
[WhiteElo "2235"]
[BlackElo "2416"]
[WhiteFideId "16208471"]
[BlackFideId "14186640"]
[EventDate "2025.06.24"]

1. d4 Nf6 2. Nc3 d5 3. Bf4 a6 4. e3 c5 5. Nf3 Nc6 6. dxc5 Bg4 7. Be2 e6 8. Na4
Bxc5 9. Nxc5 Qa5+ 10. c3 Qxc5 11. O-O O-O 12. h3 Bh5 13. Nd2 Bxe2 14. Qxe2 e5
15. Bg5 Nd7 16. e4 d4 17. Nb3 Qb6 18. cxd4 exd4 19. Rfd1 Nde5 20. Bf4 Rad8 21.
Bxe5 Nxe5 22. Rac1 a5 23. Nc5 Rfe8 24. Nd3 Ng6 25. Rc4 Qe6 26. Rc7 b6 27. Rb7
Rc8 28. Qf3 f6 29. a3 Qc6 30. e5 Nxe5 31. Nxe5 Rxe5 32. Qxc6 Rxc6 33. Rxd4 h5
34. h4 f5 35. Rd8+ Kh7 36. Rdd7 Rg6 37. Kh2 Re2 38. Kg1 Rxb2 39. Rd5 Rb1+ 40.
Kh2 Rg4 41. g3 Rb2 42. Kg2 Kg6 43. Rd6+ Kh7 44. Rdxb6 Rxb6 45. Rxb6 Ra4 46. Rb5
Rxa3 47. Rxf5 g6 48. Rb5 Kg7 49. Rb6 Ra1 50. Ra6 a4 51. Kf3 a3 52. Kf4 a2 53.
Kg5 Kf7 54. f4 Rg1 55. Ra7+ Ke6 56. Rxa2 Rxg3+ 57. Kh6 Kf5 58. Rf2 Rg4 59. Ra2
Kxf4 60. Ra4+ Kg3 0-1

[Event "Titled Tue 24th Jun Late"]
[Site "chess.com INT"]
[Date "2025.06.24"]
[Round "5"]
[White "Estrada Nieto, Julian"]
[Black "Bezuch, Martin"]
[Result "1-0"]
[WhiteTitle "IM"]
[BlackTitle "FM"]
[WhiteElo "2181"]
[BlackElo "2238"]
[WhiteFideId "5101018"]
[BlackFideId "14906333"]
[EventDate "2025.06.24"]

1. e4 g6 2. d4 Bg7 3. Nf3 d6 4. Nc3 a6 5. a4 Nf6 6. Be2 O-O 7. O-O c5 8. d5 e6
9. Bg5 h6 10. Bh4 g5 11. Bg3 e5 12. Nd2 Nbd7 13. Nc4 Qe7 14. a5 Re8 15. f3 Nf8
16. Nb6 Rb8 17. Bc4 Bd7 18. Nxd7 N6xd7 19. Na4 Ng6 20. Bf2 Nf4 21. Nc3 h5 22.
Re1 Bh6 23. Ne2 Ng6 24. Ng3 h4 25. Nf5 Qf8 26. Bf1 Kh7 27. g3 Nf6 28. Bh3 Ng8
29. Kh1 Rbd8 30. Bg4 hxg3 31. hxg3 N6e7 32. Kg2 Nxf5 33. Bxf5+ Kg7 34. Rh1 Qe7
35. Rh2 Qf6 36. Qd3 g4 37. fxg4 Ne7 38. Rah1 Rh8 39. Be3 Nxf5 40. gxf5 Bxe3 41.
Qxe3 Rdg8 42. Kf3 Kf8 43. g4 Qg7 44. g5 Rxh2 45. Rxh2 Qxg5 46. Qxg5 Rxg5 47.
Rh8+ Kg7 48. Rd8 Rg1 49. Rxd6 Rc1 50. c3 Rc2 51. Rb6 c4 52. Rxb7 Rd2 53. Ke3
Rd3+ 54. Ke2 Kf6 55. Rc7 Kg5 56. Rxc4 Rh3 57. d6 Rh8 58. Rc7 Rd8 59. d7 Kf4 60.
Kd3 f6 61. c4 Kf3 62. c5 Kf4 63. c6 Kf3 64. Rc8 Rxd7+ 65. cxd7 1-0

[Event "Titled Tue 24th Jun Late"]
[Site "chess.com INT"]
[Date "2025.06.24"]
[Round "5"]
[White "Tari, Aryan"]
[Black "Golis, Wiktor"]
[Result "0-1"]
[WhiteTitle "GM"]
[BlackTitle "FM"]
[WhiteElo "2636"]
[BlackElo "2307"]
[WhiteFideId "1510045"]
[BlackFideId "21055874"]
[EventDate "2025.06.24"]

1. e4 c6 2. d4 d5 3. exd5 cxd5 4. Bd3 Nf6 5. h3 Nc6 6. Nf3 g6 7. c3 Bf5 8. Ne5
Bg7 9. O-O O-O 10. Bxf5 gxf5 11. Nd3 e6 12. Bf4 Ne7 13. Qc1 Ng6 14. Bh6 Qd6 15.
Bxg7 Kxg7 16. Nd2 Rg8 17. Nf3 Ne4 18. Nfe5 f6 19. Nxg6 hxg6 20. f3 Ng3 21. Re1
g5 22. Nc5 e5 23. Nxb7 Qc6 24. Nc5 e4 25. c4 Rae8 26. Qc3 dxc4 27. fxe4 Nxe4 28.
Qxc4 Qd6 29. Re3 Qf4 30. Rf3 Qd2 31. Rxf5 Ng3 32. Ne6+ Kg6 33. Rf2 Qe3 34. d5
Ne4 35. Rf1 Nxf2 36. Rxf2 Rc8 37. Qe2 Rc1+ 38. Kh2 Qxe2 39. Rxe2 Rd1 40. Nc7 Rc8
41. Re7 Rc1 42. d6 Rd1 43. Ne6 Rxd6 44. g4 Rxe6 45. Rxe6 Rc2+ 46. Kg3 Rxb2 47.
Ra6 Rb7 48. Kf3 Rc7 49. Ke4 Re7+ 50. Kf3 Rb7 51. a4 Rb3+ 52. Kf2 Rxh3 53. Rxa7
Ra3 54. a5 Ra4 55. Kf3 Ra3+ 56. Kf2 Ra4 57. Kf3 Ra3+ 58. Ke4 Ra4+ 59. Kd5 Rxg4
60. Rb7 Ra4 61. Rb5 g4 62. Kc6 g3 63. Rb3 Rg4 64. a6 g2 65. Rb8 g1=Q 66. Rg8+
Kf5 0-1

[Event "Titled Tue 24th Jun Late"]
[Site "chess.com INT"]
[Date "2025.06.24"]
[Round "5"]
[White "Livaic, Leon"]
[Black "Murzin, Volodar"]
[Result "0-1"]
[WhiteTitle "GM"]
[BlackTitle "GM"]
[WhiteElo "2550"]
[BlackElo "2666"]
[WhiteFideId "14531534"]
[BlackFideId "44155573"]
[EventDate "2025.06.24"]

1. d4 Nf6 2. c4 e6 3. Nf3 b6 4. Bf4 Ba6 5. e3 Bb4+ 6. Nfd2 O-O 7. a3 Bd6 8. Bg3
Bb7 9. Nc3 Qe7 10. Qc2 c5 11. Bxd6 Qxd6 12. Nb5 Qc6 13. Bd3 a6 14. Nc3 cxd4 15.
exd4 Qd6 16. Nde4 Nxe4 17. Bxe4 Bxe4 18. Qxe4 Nc6 19. Rd1 Rac8 20. b4 Nxb4 21.
c5 bxc5 22. axb4 cxb4 23. Na4 Rc4 24. O-O b3 25. Nb2 Rc2 26. Rb1 Rb8 27. Nd3 Rc4
28. Qe5 Rxd4 29. Qxd6 Rxd6 30. Nc5 b2 31. Rfe1 a5 32. g3 Rd5 33. Na4 Rd2 34. Re3
Rb4 35. Ra3 Rc2 36. Kg2 h5 37. Ra2 d5 38. Rbxb2 Rbxb2 39. Rxb2 Rxb2 40. Nxb2 Kf8
41. Kf3 Ke7 42. Ke3 Kd6 43. Kd4 e5+ 44. Kc3 f6 45. Nd3 Kc6 46. f4 e4 47. Nc1 a4
48. Ne2 Kc5 49. Nd4 a3 50. Ne6+ Kb5 51. Nd4+ Ka4 52. Nc2 f5 53. h4 g6 54. Nd4 a2
55. Kb2 Kb4 56. Nc2+ Kc4 57. Ne3+ Kc5 58. Kxa2 d4 59. Nc2 Kc4 60. Kb2 Kd3 61.
Kc1 e3 62. Kd1 e2+ 63. Kc1 Kc3 64. Ne1 d3 65. Nf3 d2+ 66. Nxd2 e1=Q# 0-1

[Event "Titled Tue 24th Jun Late"]
[Site "chess.com INT"]
[Date "2025.06.24"]
[Round "5"]
[White "Hua, Lefong"]
[Black "Bacrot, Etienne"]
[Result "1-0"]
[WhiteTitle "FM"]
[BlackTitle "GM"]
[WhiteElo "2305"]
[BlackElo "2633"]
[WhiteFideId "2602253"]
[BlackFideId "605506"]
[EventDate "2025.06.24"]

1. d4 d5 2. c4 e6 3. Nc3 c6 4. e3 f5 5. Nf3 Nd7 6. Bd3 Nh6 7. O-O Bd6 8. b3 O-O
9. Bb2 Qe8 10. Ne2 Qe7 11. Ne5 Bxe5 12. dxe5 Ng4 13. a4 Ndxe5 14. Ba3 Qc7 15.
Nf4 Rd8 16. cxd5 exd5 17. h3 Nf6 18. Bb2 Re8 19. Rc1 Qe7 20. Bb1 Bd7 21. Qd4 Nf7
22. Rfd1 Ng5 23. b4 Qf7 24. b5 Nge4 25. Ba2 g5 26. Nd3 g4 27. h4 Qh5 28. g3 Qf7
29. Ne5 Rxe5 30. Qxe5 Re8 31. Qd4 Be6 32. bxc6 bxc6 33. Rxc6 Qg6 34. Rxe6 Rxe6
35. Bxd5 Nxd5 36. Qh8+ Kf7 37. Rxd5 Rd6 38. Rxd6 Nxd6 39. Qd8 Ke6 40. Qb8 Qf7
41. Qb3+ Ke7 42. Qb4 Ke6 43. Ba3 Ne4 44. Qc4+ Kf6 45. Bb2+ Ke7 46. Qc7+ Ke8 47.
Qb8+ Kd7 48. Qxa7+ Ke6 49. Qxf7+ Kxf7 50. a5 Nc5 51. Bd4 Na6 52. Bb6 Ke6 53. Kf1
Kd5 54. Ke2 Ke4 55. Kd2 Kf3 56. Ke1 Nb4 57. Bc7 Na6 58. Bd6 Ke4 59. Ke2 Kd5 60.
Ba3 Ke4 61. Be7 Nc7 62. Kd2 Kf3 63. Bd6 Na6 64. Ke1 Ke4 65. Bf8 Kf3 66. Kf1 Nc7
67. Be7 Na6 68. Bd6 h5 69. Ke1 Ke4 70. Ke2 Kd5 71. Bf4 Ke4 72. Bd6 Kd5 73. Bf8
Ke4 74. Be7 Nc7 75. Kd2 Kf3 76. Kd3 Kxf2 77. Bd6 Na8 78. Bf4 Kf3 79. Kc4 Ke4 80.
Kc5 Kd3 81. a6 Ke4 82. a7 1-0

[Event "Titled Tue 24th Jun Late"]
[Site "chess.com INT"]
[Date "2025.06.24"]
[Round "5"]
[White "Asish Panda"]
[Black "Parkhov, Yair"]
[Result "1-0"]
[BlackTitle "GM"]
[WhiteElo "1911"]
[BlackElo "2514"]
[WhiteFideId "45012458"]
[BlackFideId "2813408"]
[EventDate "2025.06.24"]

1. e4 e5 2. Nf3 Nc6 3. Bc4 d6 4. c3 f5 5. d3 Qf6 6. Na3 a6 7. Nc2 f4 8. d4 g5 9.
h3 h5 10. Bd5 Nge7 11. Bb3 g4 12. Ng1 Bd7 13. Qe2 O-O-O 14. Bd2 Bg7 15. O-O-O
Ng6 16. d5 Nce7 17. Bc4 Kb8 18. Nb4 a5 19. Nc2 c6 20. f3 g3 21. dxc6 Bxc6 22.
Bb5 d5 23. Bxc6 Qxc6 24. exd5 Nxd5 25. c4 Nb4 26. Bxb4 axb4 27. Rxd8+ Rxd8 28.
Nxb4 Qa4 29. a3 e4 30. Qc2 Qxc2+ 31. Kxc2 Nh4 32. fxe4 Nxg2 33. Nf3 Ne3+ 34. Kb3
Rd1 35. Rxd1 Nxd1 36. Nd5 Nf2 37. Nxf4 Nxe4 38. Nxh5 Bf8 39. Kc2 Bc5 40. Kd3
Nf2+ 41. Ke2 g2 42. Nf4 Ne4 43. Nxg2 Ng3+ 44. Kd3 Nf5 45. b4 Bf2 46. Nf4 Bg3 47.
Nd5 Nh6 48. Nd4 Nf7 49. Ke4 Nd6+ 50. Kd3 Be5 51. c5 Nf7 52. Nf3 Bg3 53. h4 Nh6
54. Ne3 Nf7 55. Ke4 Bf2 56. h5 Kc7 57. Nd5+ Kc6 58. Nd4+ Bxd4 59. Kxd4 Ng5 60.
Ne7+ Kb5 61. h6 Ka4 62. Nf5 Kxa3 63. b5 Kb4 64. Nd6 Ka5 65. b6 Ka6 66. Ke5 Nf7+
67. Nxf7 Kb5 68. h7 Kc6 69. h8=Q Kxc5 70. Qd8 Kb5 71. Qc7 Ka6 72. Kf6 Ka5 73.
Qxb7 Kb5 74. Qc7 Ka5 75. b7+ Ka6 76. Qc6+ Ka7 77. Nd6 Kb8 78. Qc8+ Ka7 79. b8=Q# 1-0

[Event "Titled Tue 24th Jun Late"]
[Site "chess.com INT"]
[Date "2025.06.24"]
[Round "5"]
[White "Martinez Alcantara, Jose Eduardo"]
[Black "Gomez Aguirre, Juan Alberto"]
[Result "1-0"]
[WhiteTitle "GM"]
[BlackTitle "FM"]
[WhiteElo "2611"]
[BlackElo "2310"]
[WhiteFideId "3805662"]
[BlackFideId "54587867"]
[EventDate "2025.06.24"]

1. c4 b6 2. Nf3 Bb7 3. e3 Nf6 4. b3 g6 5. Bb2 Bg7 6. g3 O-O 7. Bg2 c5 8. O-O Nc6
9. Qe2 d5 10. d3 Qd7 11. Nc3 Rfd8 12. Rad1 d4 13. Nb1 e5 14. e4 Ne8 15. Ne1 Ne7
16. Nd2 Nd6 17. h4 f5 18. h5 Rf8 19. hxg6 hxg6 20. Bc1 f4 21. Ndf3 Nf7 22. Nh2
g5 23. Bf3 Nh6 24. Bh5 Bc8 25. f3 Qd6 26. Qg2 Be6 27. Kf2 Bf7 28. Bxf7+ Kxf7 29.
Ke2 Rh8 30. Rg1 Rag8 31. Kd2 Ng6 32. Kc2 Bf6 33. g4 Ke7 34. Kb1 Nf7 35. Nf1 Nf8
36. Qe2 Kd7 37. Rd2 Kc7 38. Rb2 a5 39. Nc2 Qc6 40. Bd2 Ne6 41. Be1 Nd6 42. a3
Rh7 43. Ka2 Rgh8 44. Nd2 Ra8 45. Qf1 Be7 46. Rh1 Rah8 47. Rxh7 Rxh7 48. Kb1 Rh8
49. Qg2 Qe8 50. b4 axb4 51. axb4 Nf7 52. Nb3 Qd7 53. Ra2 Rb8 54. Qh1 Nf8 55. Qh5
Qe6 56. Na3 Nd6 57. bxc5 bxc5 58. Kc2 Nd7 59. Qh7 Qf7 60. Nb5+ Kc6 61. Ra6+ Nb6
62. Na5+ Kd7 63. Ra7+ Ke6 64. Qh6+ Qf6 65. Qxf6+ Bxf6 66. Nc6 Nxb5 67. cxb5 Rc8
68. Ba5 Na8 69. Kb3 Rb8 70. Nxb8 1-0

[Event "Titled Tue 24th Jun Late"]
[Site "chess.com INT"]
[Date "2025.06.24"]
[Round "5"]
[White "Savitha, Shri B"]
[Black "Atanasov, Anthony"]
[Result "0-1"]
[WhiteTitle "IM"]
[BlackTitle "IM"]
[WhiteElo "2293"]
[BlackElo "2417"]
[WhiteFideId "35061887"]
[BlackFideId "2623897"]
[EventDate "2025.06.24"]

1. e4 e5 2. Nf3 Nf6 3. Nxe5 d6 4. Nf3 Nxe4 5. Nc3 Nxc3 6. dxc3 Be7 7. Be3 Nd7 8.
Bd3 O-O 9. Qd2 Nf6 10. O-O-O d5 11. h4 Re8 12. Ng5 c5 13. c4 b5 14. cxd5 c4 15.
d6 cxd3 16. dxe7 Qd5 17. Qxd3 Qxa2 18. Qa3 Qc4 19. Rd4 Qc6 20. Rhd1 Bf5 21. Qb3
Bg6 22. Rd8 Qxg2 23. Qxb5 h6 24. Nh3 Qxh3 25. Rxa8 Rxa8 26. Rd8+ Kh7 27. e8=Q
Nxe8 28. Qxe8 Rxd8 29. Qxd8 Qf1+ 30. Kd2 Qb1 31. Qc7 Qxb2 32. Bxa7 Qb4+ 33. Kc1
Qxh4 34. Be3 Qa4 35. Kd2 Qe4 36. Qc5 f6 37. Qc7 h5 38. Kc1 Qh1+ 39. Kb2 Qd5 40.
c4 Qd3 41. c5 Qc4 42. Qb6 h4 43. c6 h3 44. c7 h2 45. Qb7 Qc2+ 46. Ka3 Be4 47.
c8=Q Qxc8 48. Qxc8 h1=Q 49. Qe6 Qa1+ 50. Kb4 Qb2+ 51. Kc5 Qc3+ 52. Kd6 Qb4+ 53.
Kd7 Qb7+ 54. Kd8 Bg6 55. Qd7 Qb8+ 56. Ke7 Qe5+ 57. Kd8 Qa5+ 58. Qc7 Qd5+ 59. Qd7
Qa8+ 60. Qc8 Qa4 61. Qd7 Qb4 62. Qh3+ Kg8 63. Qe6+ Bf7 64. Qd7 Qb8+ 65. Qc8 Qd6+
66. Qd7 Qf8+ 67. Kc7 Qb4 68. Qc8+ Kh7 69. Qh3+ Kg6 70. Qg3+ Kf5 71. Qxg7 Qa5+
72. Kb8 Qd8+ 73. Ka7 Qc7+ 74. Ka6 Bc4# 0-1

[Event "Titled Tue 24th Jun Late"]
[Site "chess.com INT"]
[Date "2025.06.24"]
[Round "5"]
[White "Rustemov, Alexander"]
[Black "Ambartsumova, Karina"]
[Result "1-0"]
[WhiteTitle "GM"]
[BlackTitle "IM"]
[WhiteElo "2525"]
[BlackElo "2403"]
[WhiteFideId "4119002"]
[BlackFideId "4166299"]
[EventDate "2025.06.24"]

1. d4 d5 2. c4 e6 3. Nc3 Nf6 4. cxd5 exd5 5. Nf3 c6 6. Bf4 Bf5 7. e3 Bd6 8. Bxd6
Qxd6 9. Nh4 Bg4 10. Qc2 O-O 11. h3 Be6 12. Bd3 Nbd7 13. O-O Rfe8 14. Nf3 a6 15.
Rab1 c5 16. dxc5 Nxc5 17. Be2 Rac8 18. Qd2 Nce4 19. Nxe4 Nxe4 20. Qd4 Rc7 21.
Rfd1 Qe7 22. Bd3 Nf6 23. Rd2 h6 24. Rbd1 Rec8 25. a3 Bd7 26. Qe5 Qxe5 27. Nxe5
Ba4 28. Rf1 Rc1 29. Rxc1 Rxc1+ 30. Kh2 Kf8 31. Nf3 Ke7 32. Nd4 g6 33. Kg3 Kd6
34. Kf3 Rd1 35. Ke2 Rxd2+ 36. Kxd2 Bd7 37. Kc3 Be6 38. b4 Nd7 39. a4 Ne5 40. a5
Bd7 41. Be2 f6 42. h4 g5 43. hxg5 fxg5 44. f4 Ng6 45. g3 Ne7 46. Bd3 Bg4 47. Kd2
Nc6 48. Nxc6 Kxc6 49. Kc3 Kd6 50. Kd4 Be6 51. Be2 Bf7 52. Bf3 Be6 53. Be2 Bf7
54. Bg4 Bg8 55. Bc8 Kc7 56. Bf5 Kd6 57. fxg5 hxg5 58. e4 Bf7 59. e5+ Kc6 60. e6
Be8 61. Ke5 Kb5 62. Kf6 Kxb4 63. e7 d4 64. Bg6 Bb5 65. Kxg5 Kc3 66. e8=Q Bxe8
67. Bxe8 d3 68. Kf4 d2 69. Bh5 Kb4 70. Bd1 Kxa5 71. g4 b5 72. g5 b4 73. g6 b3
74. Bxb3 Kb4 75. Bd1 a5 76. g7 a4 77. g8=Q 1-0

[Event "Titled Tue 24th Jun Late"]
[Site "chess.com INT"]
[Date "2025.06.24"]
[Round "5"]
[White "Jimenez Salas, Maria Teresa"]
[Black "Salonen, Aku"]
[Result "0-1"]
[WhiteTitle "WIM"]
[BlackTitle "FM"]
[WhiteElo "2170"]
[BlackElo "2330"]
[WhiteFideId "3843866"]
[BlackFideId "517577"]
[EventDate "2025.06.24"]

1. e4 c5 2. Nf3 d6 3. d4 cxd4 4. Nxd4 Nf6 5. f3 e5 6. Bb5+ Nbd7 7. Ne2 d5 8.
exd5 Bc5 9. c4 O-O 10. Bxd7 Bxd7 11. Qd3 e4 12. fxe4 Ng4 13. Rf1 Nxh2 14. Rh1
Ng4 15. Nd4 Qf6 16. e5 Qf2+ 17. Kd1 Qxd4 18. Qxd4 Bxd4 19. Rh4 Bxe5 20. Nc3 Bxc3
21. bxc3 b6 22. Kc2 Rac8 23. Kb3 Ne5 24. Ba3 Rfe8 25. Re1 f6 26. Reh1 h6 27. Re1
Kf7 28. Rf4 g5 29. Rfe4 Nd3 30. Re7+ Kg6 31. Rd1 Rxe7 32. Bxe7 Ba4+ 33. Kxa4
Nb2+ 34. Kb5 Nxd1 35. d6 Nxc3+ 36. Ka6 Nxa2 37. d7 Rg8 38. d8=Q Rxd8 39. Bxd8
Nb4+ 40. Kb5 Nc2 41. Bc7 Nd4+ 42. Ka6 Nc6 43. Kb5 Ne5 44. Bb8 a5 45. Bc7 a4 46.
Bxb6 a3 47. Bd4 a2 48. c5 h5 49. Kb4 Kf5 50. Kb3 Ke4 51. Bf2 Kd5 52. Kxa2 Nd3
53. Be3 Nxc5 54. Kb2 Ne6 55. Kc3 Ke4 56. Kd2 h4 57. Ke2 f5 58. Bb6 f4 59. Kf2 g4
60. Ba7 Kf5 61. Kg1 Ng5 62. Kh2 g3+ 63. Kg1 Kg4 64. Bd4 f3 65. Bf6 h3 66. Bxg5
f2+ 67. Kf1 hxg2+ 68. Kxg2 Kxg5 69. Kf1 Kf4 70. Kg2 Ke3 71. Kf1 g2+ 72. Kxg2 Ke2 0-1

[Event "Titled Tue 24th Jun Late"]
[Site "chess.com INT"]
[Date "2025.06.24"]
[Round "5"]
[White "Terkiewicz, Bruno"]
[Black "Soza de la Carrera, Jose"]
[Result "1-0"]
[WhiteTitle "CM"]
[BlackTitle "CM"]
[WhiteElo "2183"]
[BlackElo "2221"]
[WhiteFideId "21093245"]
[BlackFideId "3401278"]
[EventDate "2025.06.24"]

1. d4 f5 2. g3 Nf6 3. Bg2 g6 4. Nd2 Bg7 5. e4 fxe4 6. Nxe4 O-O 7. c3 d5 8. Nxf6+
Bxf6 9. Nf3 Nc6 10. O-O Bg4 11. Qb3 Rb8 12. h3 Bf5 13. Ne1 Be6 14. Nd3 b6 15.
Re1 Bf7 16. Nf4 Na5 17. Qc2 Qd6 18. Nd3 Be6 19. Bf4 Qd7 20. g4 Nc4 21. b3 Nd6
22. Bh6 Rf7 23. Nf4 Bxg4 24. hxg4 Qxg4 25. Nxd5 Bh4 26. Be3 Rbf8 27. Qe2 Rf3 28.
Nxe7+ Bxe7 29. Bh6 R8f7 30. Kf1 Rxf2+ 31. Qxf2 Rxf2+ 32. Kxf2 Bh4+ 33. Kg1 Bxe1
34. Rxe1 Nf5 35. Bd2 Nh4 36. Re2 Nf3+ 37. Kf2 Nxd2 38. Rxd2 Qf4+ 39. Ke2 h5 40.
Rd3 g5 41. Bd5+ Kg7 42. Rf3 Qc1 43. Rf7+ Kg6 44. Rxc7 g4 45. Be4+ Kg5 46. Rf7 h4
47. Rf5+ Kh6 48. d5 Qxc3 49. d6 g3 50. d7 Qd4 51. Bf3 Qxd7 52. Rh5+ Kg6 53. Rxh4
Qe7+ 54. Re4 Qa3 55. Rg4+ Kf5 56. Rxg3 Qxa2+ 57. Kf1 Qxb3 58. Be4+ Kxe4 59. Rxb3
Kd4 60. Ke2 Kc4 61. Ra3 a5 62. Kd2 Kb4 63. Rh3 b5 64. Kc2 a4 65. Kb2 Ka5 66. Rh4
b4 67. Rh5+ Kb6 68. Kc2 Kc6 69. Kd3 a3 70. Kc2 Kb6 71. Kb3 1-0

[Event "Titled Tue 24th Jun Late"]
[Site "chess.com INT"]
[Date "2025.06.24"]
[Round "5"]
[White "Zdorov, Egor Vit"]
[Black "Adewumi, Tanitoluwa"]
[Result "0-1"]
[WhiteTitle "CM"]
[BlackTitle "FM"]
[WhiteElo "2101"]
[BlackElo "2362"]
[WhiteFideId "55688560"]
[BlackFideId "30966396"]
[EventDate "2025.06.24"]

1. d4 Nc6 2. c4 Nf6 3. Nf3 d6 4. Nc3 g6 5. e4 Bg7 6. Be2 O-O 7. O-O e5 8. d5 Ne7
9. Ne1 Ne8 10. Be3 f5 11. f3 f4 12. Bf2 g5 13. Rc1 h5 14. c5 Ng6 15. Nb5 a6 16.
Na3 Nf6 17. Nc4 g4 18. cxd6 cxd6 19. Nb6 g3 20. Nxa8 gxf2+ 21. Rxf2 Rf7 22. Qb3
b5 23. Qc2 Bd7 24. Qc7 Qxa8 25. Qxd6 Qa7 26. Rc7 Qe3 27. Nc2 Qc1+ 28. Rf1 Qd2
29. Rf2 Bf8 30. Qxa6 Qc1+ 31. Rf1 Qxb2 32. d6 Ne8 33. a4 Nxc7 34. dxc7 Qxc2 35.
Bxb5 Qc5+ 36. Kh1 Bxb5 37. Qxg6+ Rg7 38. Qe6+ Kh7 39. Qf5+ Kg8 40. Qe6+ Rf7 41.
axb5 Qxc7 42. b6 Qd7 43. Qg6+ Rg7 44. Qxh5 Qb5 45. Rg1 Bd6 46. Qh3 Qxb6 47. Qe6+
Kh7 48. Qh3+ Kg8 49. Qe6+ Rf7 50. Qg6+ Kf8 51. Qh6+ Ke8 52. Qh8+ Rf8 53. Qh5+
Ke7 54. Qg5+ Kd7 55. Qg7+ Kd8 56. Qg5+ Kc8 57. Qg4+ Kb8 58. Rd1 Rc8 59. Qe6 Rc6
60. Qe8+ Kb7 61. h3 Bc5 62. Qd7+ Rc7 63. Qd5+ Qc6 64. Qxe5 Be3 65. Rb1+ Kc8 66.
Qf5+ Rd7 67. Qf8+ Rd8 68. Qf5+ Kc7 69. Qa5+ Kc8 70. Qf5+ Qd7 71. Qe5 Qd1+ 72.
Rxd1 Rxd1+ 73. Kh2 Bg1+ 74. Kh1 Bf2+ 75. Kh2 Bg3# 0-1

[Event "Titled Tue 24th Jun Late"]
[Site "chess.com INT"]
[Date "2025.06.24"]
[Round "5"]
[White "Khoo-Thwe, Louis"]
[Black "Hovakimyan, Vache"]
[Result "1-0"]
[WhiteTitle "CM"]
[BlackTitle "FM"]
[WhiteElo "2214"]
[BlackElo "2287"]
[WhiteFideId "1538756"]
[BlackFideId "13317288"]
[EventDate "2025.06.24"]

1. e4 e6 2. d4 d5 3. Nc3 Nf6 4. e5 Nfd7 5. f4 c5 6. Nf3 Nc6 7. Be3 a6 8. Qd2 b5
9. Qf2 Qb6 10. a4 b4 11. a5 Qc7 12. Na4 cxd4 13. Nxd4 Nxa5 14. b3 Be7 15. Bd3
Nc6 16. O-O Nxd4 17. Bxd4 O-O 18. f5 Nxe5 19. Qg3 Bd6 20. Nb6 Rb8 21. Nxc8 Rbxc8
22. Rxa6 exf5 23. Rxd6 Qxd6 24. Bxe5 Qg6 25. Bxf5 Qxg3 26. Bxg3 Rc6 27. Rd1 g6
28. Bd3 Kg7 29. Be5+ f6 30. Bd4 Kf7 31. Ra1 Rc7 32. Ra4 Rb8 33. Kf2 h5 34. Ra5
Rbb7 35. Rxd5 Rd7 36. Bc4 Kg7 37. Rxd7+ Rxd7 38. Ke3 h4 39. Bc5 Rb7 40. h3 g5
41. Bd3 Rb8 42. Kd4 Kf7 43. Kc4 Ke6 44. Bxb4 f5 45. Be1 Ke5 46. b4 Rc8+ 47. Kb5
Kd4 48. Ka6 Ra8+ 49. Kb7 Ra1 50. Bf2+ Kd5 51. b5 f4 52. b6 Kd6 53. Kb8 Ra3 54.
b7 Kd7 55. Ba7 g4 56. hxg4 f3 57. gxf3 h3 58. Bg1 Ra1 59. Bh2 Rh1 60. Bf4 Ra1
61. g5 Kd8 62. Bg6 Ra4 63. Be4 Kd7 64. g6 Ra1 65. g7 Rg1 66. Bd5 Rxg7 67. Ka7
Kd8 68. Ka8 Ke7 69. b8=Q Rg6 70. Qe5+ Kd7 71. Qf5+ Kd8 72. Qxg6 h2 73. Bxh2 Kc8
74. Qc6+ Kd8 75. Qc7+ Ke8 76. Bc6+ Kf8 77. f4 Kg8 78. c4 Kh8 79. Qd7 Kg8 80. c5
Kf8 81. Ba4 Kg8 82. Bd1 Kf8 83. c6 Kg8 84. c7 1-0

[Event "Titled Tue 24th Jun Late"]
[Site "chess.com INT"]
[Date "2025.06.24"]
[Round "5"]
[White "Anakok, Deniz"]
[Black "Donoso Aguirre, Maximiliano"]
[Result "0-1"]
[WhiteTitle "CM"]
[BlackTitle "CM"]
[WhiteElo "2058"]
[BlackElo "2050"]
[WhiteFideId "51603586"]
[BlackFideId "3458920"]
[EventDate "2025.06.24"]

1. e4 e5 2. Nf3 Nc6 3. Bc4 Bc5 4. d3 Nf6 5. O-O a6 6. a4 d6 7. c3 Ba7 8. Nbd2
O-O 9. Re1 h6 10. Nf1 Re8 11. h3 Be6 12. Bxe6 Rxe6 13. Be3 d5 14. Bxa7 Rxa7 15.
Ng3 Ra8 16. Nh4 dxe4 17. dxe4 Rd6 18. Qf3 Ne7 19. Rad1 Qd7 20. Nhf5 Nxf5 21.
Nxf5 Rxd1 22. Rxd1 Qe6 23. g4 Nh7 24. Qd3 Nf8 25. Qd5 Re8 26. Qxe6 Nxe6 27. Rd7
Kf8 28. a5 Rd8 29. Rxd8+ Nxd8 30. Kf1 Ne6 31. h4 Nc5 32. f3 Nb3 33. g5 hxg5 34.
hxg5 Nxa5 35. Ke2 g6 36. Ne3 Ke7 37. Nd5+ Kd6 38. Kd3 Nc6 39. b4 Nd8 40. Ne3 b5
41. c4 Ne6 42. c5+ Kd7 43. Ng4 Nxg5 44. Nxe5+ Ke6 45. f4 Nh3 46. Ke3 Nxf4 47.
Nc6 Kd7 48. Nb8+ Kc8 49. Nxa6 Ne6 50. c6 Nd8 51. Kf4 Nxc6 52. e5 Kb7 53. Nc5+
Ka7 54. Kg5 Nxb4 55. Kf6 Nc6 56. Kxf7 Nxe5+ 57. Kf6 Nc6 58. Kxg6 Kb6 59. Nb3 Na5
60. Nc1 c5 61. Kf5 b4 62. Ke4 b3 63. Kd3 b2 64. Kc2 bxc1=Q+ 65. Kxc1 Kb5 66. Kb2
Kc4 67. Kc2 Nb3 68. Kb2 Kb4 69. Kb1 Kc3 70. Ka2 c4 71. Ka3 Kd2 72. Ka4 c3 73.
Kxb3 c2 74. Kb4 c1=Q 75. Kb5 Qc3 76. Kb6 Kd3 77. Kb5 Kd4 78. Ka6 Qc4+ 79. Kb6
Kd5 80. Ka5 Qb3 81. Ka6 Qb4 82. Ka7 Qb5 83. Ka8 Kc6 84. Ka7 Qb7# 0-1

[Event "Titled Tue 24th Jun Late"]
[Site "chess.com INT"]
[Date "2025.06.24"]
[Round "5"]
[White "Brancaleoni, Maurizio"]
[Black "Ersoz, Teoman Guney"]
[Result "1-0"]
[WhiteTitle "FM"]
[BlackTitle "CM"]
[WhiteElo "2185"]
[BlackElo "2052"]
[WhiteFideId "803022"]
[BlackFideId "44537050"]
[EventDate "2025.06.24"]

1. Nf3 d5 2. d4 c5 3. c4 cxd4 4. cxd5 Qxd5 5. Nc3 Qd8 6. Nxd4 Nf6 7. Bf4 a6 8.
e4 e6 9. Rc1 Bc5 10. Nb3 Qxd1+ 11. Rxd1 Bb4 12. Bd3 Nc6 13. O-O e5 14. Bg5 Be7
15. Bc4 O-O 16. f3 b5 17. Be2 Bb7 18. Be3 Rfd8 19. Nc5 Bxc5 20. Bxc5 Nd4 21.
Bxd4 exd4 22. Nb1 Nh5 23. g3 Rd7 24. Bd3 Nf6 25. Nd2 Rad8 26. Nb3 Rc7 27. Rc1
Rdc8 28. Kf2 Kf8 29. Ke2 Rxc1 30. Rxc1 Rxc1 31. Nxc1 Ke7 32. Nb3 Kd6 33. Nxd4
Kc5 34. Nf5 Ne8 35. a3 f6 36. b4+ Kb6 37. Ke3 a5 38. Kd4 axb4 39. axb4 g6 40.
Ne3 Nc7 41. Nd5+ Bxd5 42. exd5 Ne8 43. d6 Nxd6 44. Kd5 Nf7 45. f4 Nd8 46. Kd4
Nc6+ 47. Kc3 Kc7 48. Be4 Ne7 49. Kd4 Kd6 50. g4 g5 51. fxg5 fxg5 52. Bxh7 Nc6+
53. Kc3 Ke5 54. Bf5 Nd4 55. Bd7 Nf3 56. h3 Ng1 57. Bxb5 Nxh3 58. Bd7 Nf2 59. Kc4
Kd6 60. Bf5 Nh3 61. Kb5 Kc7 62. Kc5 Nf4 63. Kd4 Kb6 64. Bd7 Nh3 65. Ke5 Nf2 66.
Kf5 Nh3 67. Be8 Kc7 68. Ba4 Kb6 69. Bd1 Kc7 70. Bf3 Kb6 71. Bg2 Nf4 72. Bf1 Nd5
73. Kxg5 Nxb4 74. Kf6 Kc7 75. Bc4 Nd5+ 76. Bxd5 Kd6 77. g5 Kxd5 78. g6 Kd6 79.
g7 Kd7 80. g8=Q 1-0